Normal view
MARC view
- Lucca, Lola de
Entry Nombre Personal
001 - NUMERO DE CONTROL
- campo de control: 42956
003 - IDENTIFICADOR DE NUMERO DE CONTROL
- campo de control: DLC
005 - FECHA Y HORA DE LA ÜLTIMA TRANSACCIÓN
- campo de control: 20240228091859.0
008 - DATOS DE LONGITUD FIJA
- campo de control de longitud fija: 120224n| acannaabn |a aaa c
010 ## - NÚMERO DE CONTROL DE LA BIBLIOTECA DEL CONGRESO
- Número de control LC: no2012027603
035 ## - NUMERO DE CONTROL
- Número de control: (OCoLC)oca09126158
040 ## - FUENTE DE CATALOGACIÓN
- Agencia original de catalogación: IAhCCS
- Lenguaje de catalogación: spa
- Agencia de transcripción: IAhCCS
- Agencia que lo modifica: MX-MxUPN
100 1# - ENCABEZAMIENTO - NOMBRE PERSONAL
- Nombre personal: Lucca, Lola de
400 1# - VEÁSE - NOMBRE DE PERSONA
- Personal name: De Lucca, Lola
670 ## - FUENTE EN LA QUE SE LOCALIZARON DATOS
- Cita de la fuente: ¿Quién es quién en el Olimpo?, 2009:
- Información localizada: portada (Lola de Lucca)
670 ## - FUENTE EN LA QUE SE LOCALIZARON DATOS
- Cita de la fuente: Rocío y el arco iris, 2006:
- Información localizada: portada (Lola de Lucca)
902 ## - CATALOGADOR
- Catalogador: Víctor Ruiz/280224
